[Event "Montigny le Bretonneux op 21st"]
[Site "Montigny le Bretonneux"]
[Date "2017.05.28"]
[Round "8"]
[White "Hogrel, Nicolas"]
[Black "Rivier, Sylvain"]
[Result "1-0"]
[WhiteElo "2008"]
[BlackElo "1532"]
[PlyCount "55"]
[EventDate "2017.05.25"]
[EventType "swiss"]
[EventRounds "9"]
[EventCountry "FRA"]
[SourceTitle "EXT 2020"]
[Source "ChessBase"]
[SourceDate "2019.10.17"]
[SourceVersion "1"]
[SourceVersionDate "2019.10.17"]
[SourceQuality "1"]

1. d4 e6 2. c4 Nf6 3. Nf3 d6 4. g3 Be7 5. Bg2 0-0 6. 0-0 c5 7. Nc3 Nbd7 8. b3 Rb8 9. Qc2 b6 10. Bb2 Bb7 11. e4 cxd4 12. Nxd4 Nc5 13. Rad1 a6 14. e5 Bxg2 15. Kxg2 dxe5 16. Nxe6 Qc8 17. Nxf8 Qc6+ 18. f3 Bxf8 19. Nd5 Re8 20. Qf5 Ncd7 21. Rfe1 Bd6 22. Nxf6+ Nxf6 23. Bxe5 Bxe5 24. Rxe5 Rxe5 25. Qxe5 h6 26. Rd8+ Kh7 27. Qf5+ g6 28. Qc8 1-0

[Event "Montigny le Bretonneux op 21st"]
[Site "Montigny le Bretonneux"]
[Date "2017.05.28"]
[Round "9"]
[White "Talvard, Gerard"]
[Black "Hogrel, Nicolas"]
[Result "1/2-1/2"]
[WhiteElo "2002"]
[BlackElo "2008"]
[PlyCount "66"]
[EventDate "2017.05.25"]
[EventType "swiss"]
[EventRounds "9"]
[EventCountry "FRA"]
[SourceTitle "EXT 2020"]
[Source "ChessBase"]
[SourceDate "2019.10.17"]
[SourceVersion "1"]
[SourceVersionDate "2019.10.17"]
[SourceQuality "1"]

1. Nf3 c5 2. g3 Nc6 3. d4 cxd4 4. Nxd4 e5 5. Nxc6 dxc6 6. Qxd8+ Kxd8 7. f4 Bd6 8. Bg2 exf4 9. Bxf4 Bxf4 10. gxf4 Nf6 11. Nc3 Bf5 12. 0-0-0+ Kc7 13. e4 Bg6 14. Rd2 Rhe8 15. e5 Ng4 16. Bf3 Nh6 17. Rhd1 Rad8 18. Rxd8 Rxd8 19. Rxd8 Kxd8 20. Be4 Nf5 21. Kd2 Ke7 22. Bd3 f6 23. exf6+ Kxf6 24. Ne4+ Ke7 25. a4 b6 26. b4 Nd4 27. Ke3 Nf5+ 28. Kd2 Nd4 29. Ng5 Bxd3 30. Kxd3 Ne6 31. Nxe6 Kxe6 32. Ke4 a6 33. c4 g6 1/2-1/2

[Event "Montigny le Bretonneux op 21st"]
[Site "Montigny le Bretonneux"]
[Date "2017.05.27"]
[Round "5"]
[White "Branson, James"]
[Black "Hogrel, Nicolas"]
[Result "0-1"]
[WhiteElo "1564"]
[BlackElo "2008"]
[PlyCount "100"]
[EventDate "2017.05.25"]
[EventType "swiss"]
[EventRounds "9"]
[EventCountry "FRA"]
[SourceTitle "EXT 2020"]
[Source "ChessBase"]
[SourceDate "2019.10.17"]
[SourceVersion "1"]
[SourceVersionDate "2019.10.17"]
[SourceQuality "1"]

1. e4 c5 2. Nc3 e6 3. Bc4 Nc6 4. f4 g6 5. d3 Bg7 6. Bd2 Nge7 7. Nf3 0-0 8. 0-0 d5 9. Bb3 a6 10. a3 b5 11. exd5 exd5 12. Qe1 Be6 13. Ne5 c4 14. Ba2 Qd6 15. Nxc6 Nxc6 16. Kh1 Nd4 17. Rc1 Rae8 18. Qf2 h5 19. Be3 Nf5 20. Bc5 Qc6 21. Bxf8 Kxf8 22. Nd1 cxd3 23. c3 d4 24. Bxe6 Qxe6 25. cxd4 Bxd4 26. Qf3 Qe2 27. Nc3 Qxb2 28. Qxd3 Re3 29. Nd1 Rxd3 30. Nxb2 Bxb2 31. Rc8+ Kg7 32. Ra8 Rxa3 33. g3 b4 34. Rb1 Bc3 35. Kg2 a5 36. Kf1 Ra2 37. Ra7 Rxh2 38. Kg1 Rd2 39. Rxa5 Nxg3 40. Rxb4 Bxb4 41. Rb5 Rd4 42. Kg2 Nf5 43. Kf3 Bd6 44. Kg2 Rxf4 45. Rb3 g5 46. Kh3 g4+ 47. Kg2 h4 48. Rc3 h3+ 49. Kg1 h2+ 50. Kg2 Nh4+ 0-1

[Event "Montigny le Bretonneux Noel op 10th"]
[Site "Montigny le Bretonneux"]
[Date "2007.11.04"]
[Round "9"]
[White "Hogrel, Nicolas"]
[Black "Plantet, Marc"]
[Result "1-0"]
[WhiteElo "2054"]
[BlackElo "1927"]
[PlyCount "45"]
[EventDate "2007.12.26"]
[EventType "swiss"]
[EventRounds "7"]
[EventCountry "FRA"]
[SourceTitle "EXT 2008"]
[Source "ChessBase"]
[SourceDate "2007.11.25"]
[SourceVersion "1"]
[SourceVersionDate "2007.11.25"]
[SourceQuality "1"]

1. d4 d5 2. c4 dxc4 3. Nf3 Nf6 4. e3 e6 5. Bxc4 a6 6. a4 b6 7. 0-0 c5 8. Qe2 Bb7 9. Nc3 Nbd7 10. Rd1 Qb8 11. d5 exd5 12. Nxd5 Bd6 13. Qd3 Be5 14. Qf5 Bc6 15. Nxe5 Nxe5 16. Nxf6+ gxf6 17. Qxf6 0-0 18. e4 Nxc4 19. Bf4 Qc8 20. Rd3 Rd8 21. Rg3+ Kf8 22. Bh6+ Ke8 23. Rg8+ 1-0

[Event "Yvelines-ch"]
[Site "Fontenay le Fleury"]
[Date "2003.02.09"]
[Round "3.8"]
[White "Bilquez, Romain"]
[Black "Hogrel, Nicolas"]
[Result "1/2-1/2"]
[WhiteElo "1630"]
[BlackElo "2020"]
[PlyCount "96"]
[EventDate "2003.02.17"]
[EventType "swiss"]
[EventRounds "7"]
[EventCountry "FRA"]
[SourceTitle "EXT 2004"]
[Source "ChessBase"]
[SourceDate "2003.11.25"]
[SourceVersion "1"]
[SourceVersionDate "2003.11.25"]
[SourceQuality "1"]

1. e4 Nc6 2. d4 d5 3. e5 Bf5 4. g4 Be4 5. f3 Bg6 6. Ne2 f6 7. e6 Qd6 8. Nf4 0-0-0 9. Nc3 Nb4 10. Nxg6 Qxe6+ 11. Ne5 fxe5 12. Qe2 Nc6 13. dxe5 Nd4 14. Qe3 Qxe5 15. Ne2 Nxe2 16. Qxe2 Qxe2+ 17. Bxe2 e5 18. Bd2 Bd6 19. 0-0-0 Ne7 20. Rhe1 Rhe8 21. h4 c6 22. Bg5 h6 23. Bxe7 Bxe7 24. h5 Bg5+ 25. Kb1 e4 26. fxe4 dxe4 27. Rxd8+ Rxd8 28. Rd1 Rf8 29. Rf1 Rxf1+ 30. Bxf1 Kd7 31. Bg2 e3 32. Bf3 Ke6 33. c3 Ke5 34. Kc2 b5 35. Kd3 c5 36. b3 Kf4 37. Be2 Kg3 38. Kc2 c4 39. bxc4 bxc4 40. Bxc4 Kxg4 41. Be2+ Kg3 42. c4 Kf2 43. Kd3 Be7 44. Bd1 Bc5 45. Be2 Kg3 46. Ke4 Kf2 47. Kd3 Bb6 48. Bd1 Kg3 1/2-1/2

[Event "Yvelines-ch"]
[Site "Fontenay le Fleury"]
[Date "2003.02.09"]
[Round "4.4"]
[White "Hogrel, Nicolas"]
[Black "Claisse, Patrick"]
[Result "1/2-1/2"]
[WhiteElo "2020"]
[BlackElo "2023"]
[PlyCount "86"]
[EventDate "2003.02.17"]
[EventType "swiss"]
[EventRounds "7"]
[EventCountry "FRA"]
[SourceTitle "EXT 2004"]
[Source "ChessBase"]
[SourceDate "2003.11.25"]
[SourceVersion "1"]
[SourceVersionDate "2003.11.25"]
[SourceQuality "1"]

1. d4 Nf6 2. Nf3 g6 3. Bf4 d5 4. h3 Bg7 5. e3 c5 6. c3 Nc6 7. Be2 0-0 8. 0-0 b6 9. Nbd2 Bb7 10. Qb3 Qc8 11. Rfe1 cxd4 12. cxd4 e6 13. Rac1 Qd8 14. Qa3 a6 15. Qd6 Qxd6 16. Bxd6 Rfc8 17. a3 Nd7 18. b4 Na7 19. a4 Rxc1 20. Rxc1 Rc8 21. Rc7 Rxc7 22. Bxc7 Bf8 23. b5 a5 24. Ne5 Nxe5 25. Bxe5 Nc8 26. Kf1 Be7 27. Nf3 f6 28. Bc7 Bd6 29. Bxd6 Nxd6 30. Bd3 Kf7 31. Ke2 h6 32. Nd2 g5 33. g3 Kg7 34. f3 Bc8 35. g4 Bd7 36. Nb3 Be8 37. Nd2 Bg6 38. Bxg6 Kxg6 39. Kd3 f5 40. e4 f4 41. exd5 exd5 42. Nb3 Nc4 43. Kc3 Kf6 1/2-1/2

[Event "Yvelines-ch"]
[Site "Fontenay le Fleury"]
[Date "2003.02.07"]
[Round "1.11"]
[White "Lagache, Yves"]
[Black "Hogrel, Nicolas"]
[Result "0-1"]
[WhiteElo "1620"]
[BlackElo "2020"]
[PlyCount "104"]
[EventDate "2003.02.17"]
[EventType "swiss"]
[EventRounds "7"]
[EventCountry "FRA"]
[SourceTitle "EXT 2004"]
[Source "ChessBase"]
[SourceDate "2003.11.25"]
[SourceVersion "1"]
[SourceVersionDate "2003.11.25"]
[SourceQuality "1"]

1. d4 Nf6 2. Nf3 e6 3. Bg5 b6 4. e4 h6 5. Bxf6 Qxf6 6. Bb5 Bb7 7. Qe2 c5 8. c3 a6 9. Ba4 Nc6 10. Bxc6 dxc6 11. Nbd2 Be7 12. Nc4 b5 13. e5 Qg6 14. Nd6+ Bxd6 15. exd6 cxd4 16. Nxd4 0-0 17. 0-0-0 c5 18. Nf3 Qg4 19. Qe5 Bd5 20. h3 Qe4 21. Rhe1 Qxe5 22. Nxe5 Rfd8 23. c4 bxc4 24. Rd2 f6 25. Ng6 Rxd6 26. f4 Kf7 27. f5 e5 28. Red1 Rad8 29. Nh8+ Ke8 30. g3 R6d7 31. Ng6 Bg2 32. Rxd7 Rxd7 33. Rxd7 Kxd7 34. Nf8+ Kd6 35. h4 Bd5 36. a3 Bf7 37. Kd2 Ke7 38. Ng6+ Bxg6 39. fxg6 Kd6 40. g4 Kd5 41. Ke3 a5 42. a4 e4 43. Kf4 Kd4 44. g5 fxg5+ 45. hxg5 hxg5+ 46. Kf5 g4 47. Kxg4 e3 48. Kf5 e2 49. Ke6 e1Q+ 50. Kf7 Qe5 51. Kg8 Qf6 52. Kh7 Ke5 0-1

[Event "Montigny le Bretonneux op 1st"]
[Site "Montigny le Bretonneux"]
[Date "2002.10.28"]
[Round "4"]
[White "Hogrel, Nicolas"]
[Black "Fayolle, Guy"]
[Result "0-1"]
[WhiteElo "2090"]
[BlackElo "1910"]
[PlyCount "66"]
[EventDate "2002.10.25"]
[EventType "swiss"]
[EventRounds "9"]
[EventCountry "FRA"]
[SourceTitle "EXT 2008"]
[Source "ChessBase"]
[SourceDate "2007.11.25"]
[SourceVersion "1"]
[SourceVersionDate "2007.11.25"]
[SourceQuality "1"]

1. d4 Nf6 2. Nf3 g6 3. Bf4 Bg7 4. h3 d6 5. e3 0-0 6. Be2 Nbd7 7. 0-0 Nh5 8. Bh2 f5 9. c3 e6 10. Nbd2 b6 11. Qb3 Re8 12. e4 fxe4 13. Nxe4 Kh8 14. Neg5 Qe7 15. Bc4 Nf8 16. Rfe1 Qf6 17. Ne4 Qe7 18. Ned2 Bb7 19. Re2 Qf6 20. Ne4 Bxe4 21. Rxe4 d5 22. Bxd5 exd5 23. Rxe8 Rxe8 24. Qxd5 Nf4 25. Qc4 Nxh3+ 26. Kf1 Ng5 27. Be5 Nxf3 28. Qb5 Nd2+ 29. Ke2 Re6 30. Kxd2 Qxf2+ 31. Kd3 Bxe5 32. dxe5 Qf5+ 33. Kc4 Rxe5 0-1